Advancing biological fairming: (Record no. 19832)
[ view plain ]
| 000 -LEADER | |
|---|---|
| fixed length control field | 00658nam a22001937a 4500 |
| 008 - FIXED-LENGTH DATA ELEMENTS--GENERAL INFORMATION | |
| fixed length control field | 230112b |||||||| |||| 00| 0 eng d |
| 020 ## - INTERNATIONAL STANDARD BOOK NUMBER | |
| International Standard Book Number | 1601730190 |
| 050 ## - LIBRARY OF CONGRESS CALL NUMBER | |
| Classification number | SB605.5 |
| Item number | .Z56 2011 |
| 100 ## - MAIN ENTRY--PERSONAL NAME | |
| Personal name | Zimmer, Gary F. |
| 245 ## - TITLE STATEMENT | |
| Title | Advancing biological fairming: |
| Remainder of title | Practicing mineralized, balanced agriculture to improve soils & crops/ by |
| Statement of responsibility, etc. | Gary F. Zimmer & Leilani Zimmer- Durand |
| 260 ## - PUBLICATION, DISTRIBUTION, ETC. (IMPRINT) | |
| Place of publication, distribution, etc. | U. S. A. |
| Name of publisher, distributor, etc. | Acres |
| Date of publication, distribution, etc. | 2011 |
| 300 ## - PHYSICAL DESCRIPTION | |
| Extent | xiv, 241p. |
| 650 ## - SUBJECT ADDED ENTRY--TOPICAL TERM | |
| Topical term or geographic name as entry element | Agriculture |
| Form subdivision | Biological farming |
| 650 ## - SUBJECT ADDED ENTRY--TOPICAL TERM | |
| Topical term or geographic name as entry element | Soil science |
| 650 ## - SUBJECT ADDED ENTRY--TOPICAL TERM | |
| Topical term or geographic name as entry element | Soil plant relationship |
| 650 ## - SUBJECT ADDED ENTRY--TOPICAL TERM | |
| Topical term or geographic name as entry element | Fertilizers and plant nutrition |
| 700 ## - ADDED ENTRY--PERSONAL NAME | |
| Personal name | Zimmer-Durand, Leilani |
| 942 ## - ADDED ENTRY ELEMENTS (KOHA) | |
| Source of classification or shelving scheme | Library of Congress Classification |
| Koha item type | General Collection |
| Withdrawn status | Lost status | Source of classification or shelving scheme | Not for loan | Home library | Current library | Date acquired | Cost, normal purchase price | Inventory number | Total Checkouts | Full call number | Barcode | Date last seen | Copy number | Price effective from | Koha item type |
|---|---|---|---|---|---|---|---|---|---|---|---|---|---|---|---|
| Library of Congress Classification | Kabarak, Main Campus | Kabarak, Main Campus | 12/01/2023 | 4939.00 | 2130/2022 | SB605.5 .Z56 2011 C.1 | 032746 | 12/01/2023 | C.1 | 12/01/2023 | General Collection | ||||
| Library of Congress Classification | Kabarak, Main Campus | Kabarak, Main Campus | 12/01/2023 | 4939.00 | 2131/2022 | SB605.5 .Z56 2011 C.2 | 032747 | 12/01/2023 | C.2 | 12/01/2023 | General Collection | ||||
| Library of Congress Classification | Kabarak, Main Campus | Kabarak, Main Campus | 12/01/2023 | 4939.00 | 2129/2022 | SB605.5 .Z56 2011 C.3 | 032749 | 12/01/2023 | C.3 | 12/01/2023 | General Collection |